Una mirada sobre la ética de las ciencias /

I tiakina i:
Ngā taipitopito rārangi puna kōrero
Kaituhi matua: Toulouse, Gérard (autor)
Hōputu: Pukapuka
Reo:Pāniora
I whakaputaina: Madrid, España : Ediciones del Laberinto, 2003, c2003
Rangatū:(Hermes Ediciones del Laberinto ; 24)
Ngā marau:
Ngā Tūtohu: Tāpirihia he Tūtohu
Kāore He Tūtohu, Me noho koe te mea tuatahi ki te tūtohu i tēnei pūkete!

MARC

LEADER 00000nam^a2200000^a^4500
001 000183659
005 20250521000000.0
005 20250521000000.0
009 20260310102048.149
020 |a 84-8483-112-4 
037 |a Acervo ITESO - Biblioteca 
041 |a ESP 
082 |a 174.  |b TOU 
100 |a Toulouse, Gérard  |e (autor) 
245 1 4 |a Una mirada sobre la ética de las ciencias /  |c G. Toulouse ; tr. por Andrea García Vega. 
264 4 |a Madrid, España :  |b Ediciones del Laberinto,  |c 2003, c2003 
300 |a 255 p. 
336 |a texto  |b txt  |2 rdacontenido 
337 |a sin mediación  |b n  |2 rdamedio 
338 |a volumen  |b nc  |2 rdasoporte 
440 1 |a (Hermes Ediciones del Laberinto ;  |v 24) 
500 |a Traducción de: Regards sur l'etique des sciencies 
649 |a XX 
650 |a Valores 
650 |a Toulouse, Gérard 
650 |a Filosofía 
650 |a Responsabilidad 
650 |a Profesiones -  |x Aspectos Eticos 
650 |a Etica Profesional 
650 |a Etica Médica 
650 |a Solidaridad 
650 |a Conducta de Vida 
650 |a Alberts, Bruce 
650 |a Shine, Kennet 
650 |a Dyson, Freeman 
650 |a Einstein, Albert 
650 |a Russell, Bertrand 
650 |a Científicos -  |x Discursos 
650 |a Drenth, Pieter J. 
650 |a Etica 
650 |a Germain, Paul 
650 |a Problemas Sociales 
650 |a Menuhin, Yehudi 
650 |a Tratados Internacionales 
650 |a Ciencia y Desarrollo -  |x Aspectos Eticos 
650 |a Intelectuales y Sociedad 
650 |a Axiología 
650 |a Bioética 
650 |a Universidades -  |x Aspectos Eticos 
650 |a Centros de Investigación -  |x Aspectos Eticos 
650 |a Medicina -  |x Aspectos Eticos 
650 |a Investigación -  |x Aspectos Eticos 
650 |a Atiyah, Michael 
650 |a Intelectuales y Estado 
910 |a Fondo General 
920 |a Impresos - Libros 
930 |a Colección General 
905 |a 101 
901 |a 0500124079  |b IT1  |c ACC  |u 20250521 
902 |a https://opac.biblio.iteso.mx/vufind/Record/000183659